00739nam a22002177a 4500003000500000005001700005008004100022010001000063011001000073035001000083040000900093100002800102245013300130260004000263300001900303502010900322650002800431650002100459650002100480650002000501CHAP20220329141028.0971013s1992 r 00010 d a61528 a62500 a66674 cCHAP00aLlamas Jacobo, César. aTrips (Thysanoptera : Thripidae) presentes en maleza asociada al manzano (Pyrus malus L.) y otros frutales de Zacatlán, Puebla aChapingo, Méx. :bEl autor,c1992 a33 h.b: ilus. aTesis (Ing. Agr. Esp. en Parasitología Agrícola) -- UACH. Departamento de Parasitología Agrícola14aManzanaxMalas hierbas.14aManzanaxPlagas.14aManzanaxPuebla.14aTisanópteros.